000 00647cam a22002173a 4500
001 39900
003 PGUSA
005 20140828083905.0
008 120602s2012||||xxu|||||s|||||000 | eng d
040 _aPGUSA
_beng
042 _adc
100 1 _aSeaman, Augusta Huiell,
_d1879-1950
245 1 4 _aThe Slipper Point Mystery
_h[electronic resource] /
_cAugusta Huiell Seaman
260 _bProject Gutenberg,
_c2012
506 _aPublic domain in the USA.
516 _aElectronic text
700 1 _aRelyea, C. M.
_q(Charles M.),
_d1863-1932
830 0 _aProject Gutenberg
_v39900
856 4 0 _uhttp://www.gutenberg.org/ebooks/39900
942 _cEB
999 _c269153
_d269153